[Event "Chigorin Memorial Open"]
[Site "St Petersburg RUS"]
[Date "2011.10.16"]
[Round "3.52"]
[White "Zizlova, Sofia"]
[Black "Guliev, Logman"]
[Result "1-0"]
[BlackTitle "IM"]
[WhiteElo "2199"]
[BlackElo "2447"]
[WhiteFideId "4123476"]
[BlackFideId "13400061"]
[EventDate "2011.10.14"]

1. e4 c5 2. Nf3 d6 3. d4 cxd4 4. Nxd4 Nf6 5. Nc3 Nc6 6. f3 e5 7. Nb3 Be7 8. Be3
O-O 9. Qd2 Be6 10. O-O-O a5 11. Na4 Nb4 12. Kb1 d5 13. c3 Nc6 14. Nb6 a4 15. Nc5
Qxb6 16. Nxe6 d4 17. cxd4 exd4 18. Nxd4 Rfd8 19. Nxc6 Qxc6 20. Bd3 a3 21. Qc2
Qe6 22. Bc4 Qe5 23. Qb3 Rf8 24. Bd4 Qa5 25. e5 Nh5 26. Bc3 Qc5 27. e6 Qf5+ 28.
Ka1 axb2+ 29. Bxb2 Nf4 30. exf7+ Kh8 31. g3 Ng6 32. Be6 Qa5 33. Qc3 Qxc3 34.
Bxc3 Ra6 35. Rhe1 Bf6 36. Bxf6 gxf6 37. f4 Kg7 38. Rd7 Rb6 39. Bb3 h5 40. Re8 f5
41. h3 Rb4 42. Rd6 1-0

[Event "Chigorin Memorial Open"]
[Site "St Petersburg RUS"]
[Date "2011.10.16"]
[Round "3.53"]
[White "Kobzar, Alexandr"]
[Black "Bellia, Fabrizio"]
[Result "0-1"]
[BlackTitle "IM"]
[WhiteElo "2197"]
[BlackElo "2420"]
[WhiteFideId "14113660"]
[BlackFideId "800511"]
[EventDate "2011.10.14"]

1. e4 e5 2. d4 exd4 3. Qxd4 Nc6 4. Qe3 Nf6 5. Nc3 Bb4 6. Bd2 O-O 7. O-O-O Re8 8.
Qf4 d6 9. f3 Ne5 10. Nh3 Ng6 11. Qg3 c6 12. Kb1 d5 13. exd5 Bxc3 14. Bxc3 Nxd5
15. Kc1 Bxh3 16. gxh3 Qh4 17. Bd2 Qa4 18. Kb1 Nb4 19. Bxb4 Qxb4 20. Bd3 Ne5 21.
Rhg1 g6 22. c3 Qc5 23. Bc2 Rad8 24. Bb3 Rd3 25. Rxd3 Nxd3 26. Rd1 Nf2 27. Rf1
Re2 28. Qf4 Rxb2+ 0-1

[Event "Chigorin Memorial Open"]
[Site "St Petersburg RUS"]
[Date "2011.10.16"]
[Round "3.54"]
[White "Butuc, Maria"]
[Black "Ziatdinov, Raset"]
[Result "1/2-1/2"]
[WhiteTitle "WIM"]
[BlackTitle "GM"]
[WhiteElo "2183"]
[BlackElo "2415"]
[WhiteFideId "13902911"]
[BlackFideId "2015323"]
[EventDate "2011.10.14"]

1. Nf3 d5 2. d4 Nf6 3. c4 e6 4. Nc3 Nbd7 5. Bg5 Be7 6. e3 O-O 7. Rc1 a6 8. cxd5
exd5 9. Bd3 c6 10. Qc2 h6 11. Bh4 Ne8 12. Bxe7 Qxe7 13. O-O Nd6 14. Rce1 f5 15.
Nd2 Nf6 16. f3 Be6 17. Na4 Rad8 18. Nc5 Bc8 19. a4 g5 20. e4 fxe4 21. fxe4 Nfxe4
22. Ndxe4 Rxf1+ 23. Bxf1 dxe4 24. Nxe4 Nf5 25. Qc5 Rxd4 26. Qxe7 Nxe7 27. Nxg5
Kf8 28. Ne6+ Bxe6 29. Rxe6 Rb4 30. Rxh6 Rxb2 31. Rh8+ Kg7 32. Rb8 b5 33. Rb6 Ra2
34. Rxa6 Rxa4 35. Rxa4 bxa4 36. Kf2 Nd5 37. Bc4 Kf6 38. Ke2 Ke5 39. Kd3 a3 40.
Bb3 Kd6 41. Kc4 c5 42. h4 Ne3+ 43. Kb5 c4 44. Kb4 cxb3 45. Kxa3 Nxg2 1/2-1/2

[Event "Chigorin Memorial Open"]
[Site "St Petersburg RUS"]
[Date "2011.10.16"]
[Round "3.55"]
[White "Sergienko, Sergey"]
[Black "Palchun, Grigory"]
[Result "1-0"]
[WhiteTitle "IM"]
[WhiteElo "2415"]
[BlackElo "2194"]
[WhiteFideId "4115791"]
[BlackFideId "24147338"]
[EventDate "2011.10.14"]

1. e4 c5 2. Nf3 Nc6 3. Bb5 d6 4. O-O Bd7 5. Re1 a6 6. Bf1 Nf6 7. h3 e6 8. c3 d5
9. d3 Qb6 10. Qc2 Be7 11. e5 Ng8 12. Bf4 Bd8 13. Nbd2 Nge7 14. Rab1 Ng6 15. Bg3
O-O 16. b4 cxb4 17. cxb4 Bc7 18. d4 f5 19. Nb3 Nd8 20. Nc5 Bb5 21. a4 Be8 22.
Rec1 Rc8 23. Qd2 Qa7 24. Be2 h6 25. Ne1 Bb6 26. Ned3 Bxc5 27. Nxc5 Rf7 28. b5
axb5 29. axb5 b6 30. Na6 Bd7 31. Qb4 Qb7 32. Qd6 Ne7 33. f4 Rxc1+ 34. Rxc1 Nc8
35. Qb4 Be8 36. Bh4 Rd7 37. Qc3 Na7 38. Nc7 Bf7 39. g4 g6 40. Bf6 Kh7 41. Kh2
fxg4 42. hxg4 Qc8 43. Kg2 Nb7 44. Rh1 Qf8 45. Na8 Nc8 46. Bd3 Na5 47. g5 1-0

[Event "Chigorin Memorial Open"]
[Site "St Petersburg RUS"]
[Date "2011.10.16"]
[Round "3.56"]
[White "Polonovsky, Evgeny"]
[Black "Nezad, Husein Aziz"]
[Result "0-1"]
[BlackTitle "IM"]
[WhiteElo "2172"]
[BlackElo "2414"]
[WhiteFideId "4144813"]
[BlackFideId "12100293"]
[EventDate "2011.10.14"]

1. e4 c6 2. d4 d5 3. e5 Bf5 4. Nf3 e6 5. Be2 Nd7 6. O-O Bg6 7. b3 Nh6 8. Bf4 Nf5
9. g4 Nh6 10. h3 Bb4 11. c3 Ba5 12. Qc1 Qe7 13. Bg5 Qf8 14. Nbd2 f6 15. exf6
gxf6 16. Nc4 dxc4 17. Bxh6 Qd6 18. Bf4 Qd5 19. Nd2 e5 20. Bf3 Qf7 21. Nxc4 Bc7
22. Bg3 h5 23. Re1 O-O-O 24. Qa3 hxg4 25. dxe5 fxe5 26. Bxg4 Bf5 27. Qxa7 Bxg4
28. Qa8+ Nb8 29. Rxe5 Qf3 30. Na5 Bxa5 31. Re8 Qxg3+ 32. fxg3 Bb6+ 0-1

[Event "Chigorin Memorial Open"]
[Site "St Petersburg RUS"]
[Date "2011.10.16"]
[Round "3.58"]
[White "Pogosian, Vladimir"]
[Black "Tunik, Gennady"]
[Result "0-1"]
[BlackTitle "GM"]
[WhiteElo "2166"]
[BlackElo "2412"]
[WhiteFideId "13301586"]
[BlackFideId "4101219"]
[EventDate "2011.10.14"]

1. e4 e6 2. d3 d5 3. Nd2 c5 4. Ngf3 Nc6 5. Be2 Bd6 6. O-O Nge7 7. Re1 O-O 8. Bf1
Ng6 9. c3 Bc7 10. a3 a5 11. a4 b6 12. Nb1 Ra7 13. Bg5 f6 14. Be3 Bb8 15. Na3 Kh8
16. Qc2 f5 17. Bg5 Qd7 18. Nb5 Rb7 19. exd5 exd5 20. d4 c4 21. h4 Nf4 22. g3 Ne6
23. Bh3 Qf7 24. Qe2 h6 25. Bd2 Re7 26. Ne5 Nxe5 27. dxe5 Nc5 28. f4 Bd7 29. Be3
Nxa4 30. b3 Nc5 31. Bxc5 bxc5 32. bxc4 dxc4 33. Rxa5 Qg6 34. Qf3 Qb6 35. Qa8
Ree8 36. Rb1 Bc7 37. Qa7 Qxa5 38. Qxc7 Qa2 39. Na3 Qxa3 40. Qxd7 Qxc3 41. Bg2
Qxg3 42. Qd2 c3 43. Qe1 Qxf4 44. Qxc3 Qxe5 0-1

[Event "Chigorin Memorial Open"]
[Site "St Petersburg RUS"]
[Date "2011.10.16"]
[Round "3.60"]
[White "Basencyan, Mark"]
[Black "Ponfilenok, Vladimir"]
[Result "1/2-1/2"]
[WhiteElo "2135"]
[BlackElo "2402"]
[WhiteFideId "13300725"]
[BlackFideId "24113522"]
[EventDate "2011.10.14"]

1. d4 e6 2. e4 d5 3. exd5 exd5 4. Nf3 Nf6 5. Bd3 c5 6. O-O c4 7. Re1+ Be7 8. Bf1
O-O 9. b3 cxb3 10. axb3 Nc6 11. Ne5 Bf5 12. Nxc6 bxc6 13. Rxe7 Qxe7 14. Ba3 Qe4
15. Bxf8 Kxf8 16. c3 Re8 17. Nd2 Qf4 18. g3 Qc7 19. b4 h5 20. Nf3 Bg4 21. Qd3
Bxf3 22. Qxf3 h4 23. Bd3 Ne4 24. Qh5 hxg3 25. hxg3 Kg8 26. Kg2 Re6 27. Bxe4 Rxe4
28. Rh1 f6 29. Qh8+ Kf7 30. Qh5+ Kg8 1/2-1/2

[Event "Chigorin Memorial Open"]
[Site "St Petersburg RUS"]
[Date "2011.10.16"]
[Round "3.61"]
[White "Mikhalchenko, Petr"]
[Black "Pimenov, Revolt"]
[Result "0-1"]
[WhiteElo "2395"]
[BlackElo "2179"]
[WhiteFideId "4177657"]
[BlackFideId "4146590"]
[EventDate "2011.10.14"]

1. d4 Nf6 2. Nf3 e6 3. Bf4 b6 4. e3 Bb7 5. Nbd2 Be7 6. c3 Nh5 7. Bg3 Nxg3 8.
hxg3 d6 9. Bd3 Nd7 10. a4 Bf6 11. a5 a6 12. axb6 cxb6 13. Ne4 Bxe4 14. Bxe4 d5
15. Bd3 b5 16. g4 g6 17. e4 dxe4 18. Bxe4 Ra7 19. Qd2 Bg7 20. g5 Qc7 21. Rh3 O-O
22. Kf1 e5 23. g3 exd4 24. cxd4 Nb6 25. Kg2 Nc4 26. Qd3 Nxb2 27. Qb3 Re8 28. Re1
Nc4 29. Bxg6 Rxe1 30. Bxh7+ Kf8 31. Nxe1 Qc6+ 32. Nf3 a5 33. Qd3 a4 34. Be4 Qd6
35. Qb1 b4 36. Qc2 Nb6 37. Nh4 b3 38. Qe2 Re7 39. Nf3 a3 40. Rh4 a2 41. Qa6 Bxd4
42. Rh6 Qxh6 43. Nxd4 Qd6 44. Nf5 Qe5 45. f3 a1=Q 46. Qxb6 Qeb2+ 47. Kh3 Qh1+ 0-1

[Event "Chigorin Memorial Open"]
[Site "St Petersburg RUS"]
[Date "2011.10.16"]
[Round "3.62"]
[White "Kulagin, Sergey"]
[Black "Pankov, German"]
[Result "0-1"]
[BlackTitle "FM"]
[WhiteElo "2128"]
[BlackElo "2392"]
[WhiteFideId "4193253"]
[BlackFideId "4174569"]
[EventDate "2011.10.14"]

1. e4 c5 2. Nf3 e6 3. d4 cxd4 4. Nxd4 Qb6 5. Nb3 Qc7 6. c4 Nf6 7. Bd3 Nc6 8. O-O
Ne5 9. f4 Nxc4 10. Nc3 h5 11. Qe2 Na5 12. Nb5 Qd8 13. Nxa5 Qxa5 14. Bd2 Bc5+ 15.
Kh1 Qd8 16. Rac1 d6 17. b4 Bb6 18. e5 Ng4 19. Nxd6+ Kf8 20. f5 Nxh2 21. Nxc8
Nxf1 22. Qe1 Qxd3 23. fxe6 Ng3+ 24. Kh2 fxe6 25. Rc3 Qd8 26. Nxb6 Qh4+ 27. Kg1
Qd4+ 28. Be3 Qxc3 29. Nd7+ Ke7 0-1

[Event "Chigorin Memorial Open"]
[Site "St Petersburg RUS"]
[Date "2011.10.16"]
[Round "3.63"]
[White "Girya, Olga"]
[Black "Ezov, Roman"]
[Result "1-0"]
[WhiteTitle "WGM"]
[WhiteElo "2390"]
[BlackElo "2170"]
[WhiteFideId "4195752"]
[BlackFideId "4502078"]
[EventDate "2011.10.14"]

1. d4 Nf6 2. Nf3 c5 3. d5 e6 4. c4 exd5 5. cxd5 d6 6. e4 g6 7. Bd3 Bg7 8. h3 O-O
9. O-O c4 10. Bc2 b5 11. Nd4 a6 12. Be3 Qc7 13. Nd2 Nbd7 14. a4 Rb8 15. axb5
axb5 16. Nc6 Rb7 17. b3 c3 18. Nf3 Re8 19. Bd4 Nc5 20. Bxc3 Ncxe4 21. Bxe4 Rxe4
22. Ra8 Re8 23. Re1 Kf8 24. Ng5 Rxe1+ 25. Qxe1 Nxd5 26. Nxh7+ Kg8 27. Qe8+ Kxh7
28. Bxg7 1-0

[Event "Chigorin Memorial Open"]
[Site "St Petersburg RUS"]
[Date "2011.10.16"]
[Round "3.64"]
[White "Minina, Veronika"]
[Black "Tilicheev, Viacheslav"]
[Result "0-1"]
[BlackTitle "FM"]
[WhiteElo "2120"]
[BlackElo "2389"]
[WhiteFideId "4174780"]
[BlackFideId "24114928"]
[EventDate "2011.10.14"]

1. Nf3 Nf6 2. g3 b5 3. Bg2 Bb7 4. O-O e6 5. b3 c5 6. c4 b4 7. Bb2 Be7 8. d4 cxd4
9. Nxd4 Bxg2 10. Kxg2 O-O 11. Nd2 a5 12. a3 Na6 13. axb4 axb4 14. e3 Nc5 15. Qc2
Qb6 16. N2f3 Qb7 17. Kg1 d6 18. Ne1 Rxa1 19. Bxa1 Ra8 20. Nd3 Nfe4 21. f3 Nxd3
22. Qxd3 Nc5 23. Qb1 e5 24. Nb5 Ra6 25. e4 Qb6 26. Kg2 Qa5 27. Kg1 Bf8 28. f4
Qa2 29. fxe5 Qxb1 30. Rxb1 Nxb3 31. Bb2 dxe5 32. Bxe5 Nd2 33. Ra1 Rxa1+ 34. Bxa1
Nxc4 35. Nd4 Bc5 36. Kf1 Bxd4 37. Bxd4 b3 0-1

[Event "Chigorin Memorial Open"]
[Site "St Petersburg RUS"]
[Date "2011.10.16"]
[Round "3.66"]
[White "Kuzmin, Egor"]
[Black "Serov, Maksim"]
[Result "0-1"]
[WhiteElo "2117"]
[BlackElo "2388"]
[WhiteFideId "24101737"]
[BlackFideId "4181905"]
[EventDate "2011.10.14"]

1. d4 f5 2. c4 Nf6 3. Nf3 g6 4. g3 Bg7 5. Bg2 O-O 6. O-O d6 7. Nc3 Nc6 8. d5 Na5
9. Nd2 c5 10. b3 a6 11. Bb2 Rb8 12. a4 Qe8 13. Re1 g5 14. e4 Ng4 15. h3 Ne5 16.
Qc2 f4 17. Ne2 Qg6 18. b4 cxb4 19. Nd4 h5 20. N4f3 Nxf3+ 21. Nxf3 fxg3 22. fxg3
Bxh3 23. Bxg7 Qxg7 24. Bxh3 Rxf3 25. Be6+ Kh8 26. Kg2 Rbf8 27. Rh1 h4 28. Qe2
Rxg3+ 29. Kh2 Qe5 0-1

[Event "Chigorin Memorial Open"]
[Site "St Petersburg RUS"]
[Date "2011.10.16"]
[Round "3.67"]
[White "Kashlinskaya, Alina"]
[Black "Gorozhankina, Julia"]
[Result "1/2-1/2"]
[WhiteTitle "WGM"]
[BlackTitle "WFM"]
[WhiteElo "2385"]
[BlackElo "2140"]
[WhiteFideId "4198026"]
[BlackFideId "4199650"]
[EventDate "2011.10.14"]

1. d4 Nf6 2. c4 g6 3. Nf3 Bg7 4. g3 d5 5. cxd5 Nxd5 6. Bg2 Nb6 7. Nc3 O-O 8. O-O
Nc6 9. e3 Re8 10. d5 Na5 11. Nd4 Bd7 12. e4 c6 13. Re1 cxd5 14. exd5 Rc8 15. Bf4
h6 16. h4 h5 17. Rc1 Bg4 18. Nde2 Nac4 19. Qb3 Nd6 20. Nb5 Rxc1 21. Nxc1 Nxb5
22. Qxb5 Qd7 23. Qb3 e6 24. dxe6 Bxe6 25. Qa3 Bd5 26. Rxe8+ Qxe8 27. Nd3 Nc4 28.
Qb3 Bxg2 29. Kxg2 Qe4+ 30. Kh2 Qd4 31. Bc1 Ne5 32. Nxe5 Qxf2+ 33. Kh3 Bxe5 34.
Qe3 Qxe3 35. Bxe3 Bxb2 36. Bxa7 Kf8 37. g4 hxg4+ 38. Kxg4 Ke7 39. h5 gxh5+ 40.
Kxh5 Ke6 41. Kg4 Kd5 42. Kf5 f6 43. Bb6 Kc4 44. Bd8 b5 45. Bxf6 Bc1 46. Ke4 1/2-1/2

[Event "Chigorin Memorial Open"]
[Site "St Petersburg RUS"]
[Date "2011.10.16"]
[Round "3.68"]
[White "Nedostup, Daniil"]
[Black "Vlasenko, Miroslav"]
[Result "1/2-1/2"]
[BlackTitle "IM"]
[WhiteElo "2075"]
[BlackElo "2382"]
[WhiteFideId "24121576"]
[BlackFideId "4151887"]
[EventDate "2011.10.14"]

1. e4 Nc6 2. Nf3 d6 3. d4 Nf6 4. Nc3 g6 5. h3 Bg7 6. Be3 O-O 7. Qd2 a6 8. Be2 b5
9. a3 e5 10. d5 Ne7 11. O-O Nh5 12. Ne1 Nf4 13. Bxf4 exf4 14. Qxf4 f5 15. Bf3
fxe4 16. Qxe4 Nf5 17. Qd3 Qg5 18. Ne4 Qf4 19. g3 Qh6 20. c3 Qxh3 21. Bg2 Qh6 22.
f4 Re8 23. Nc2 Bh8 24. Rae1 Bd7 25. Ng5 Rxe1 26. Rxe1 Re8 27. Rxe8+ Bxe8 28. Qe2
Qf8 29. g4 Nh4 30. Bh1 Bd7 31. Qe1 Qxf4 32. Qxh4 h5 33. Nf3 Bxg4 34. Qd8+ Kg7
35. Qe7+ Kg8 36. Qe8+ Kh7 37. Qe7+ Bg7 38. Ng5+ Kh6 39. Nf7+ Kh7 40. Ng5+ Kh6
41. Nf7+ Kh7 42. Ng5+ 1/2-1/2

[Event "Chigorin Memorial Open"]
[Site "St Petersburg RUS"]
[Date "2011.10.16"]
[Round "3.70"]
[White "Karasev, Vladimir I"]
[Black "Bratus, Petr P"]
[Result "1-0"]
[WhiteTitle "IM"]
[WhiteElo "2372"]
[BlackElo "2119"]
[WhiteFideId "4103971"]
[BlackFideId "4168682"]
[EventDate "2011.10.14"]

1. e4 e5 2. Nc3 Nc6 3. g3 g6 4. Bg2 Bg7 5. Nd5 d6 6. c3 Nce7 7. Ne3 Nf6 8. d4
O-O 9. Ne2 Ng4 10. O-O c6 11. h3 Nxe3 12. Bxe3 Be6 13. Qd2 Qc7 14. f4 f6 15. g4
Bf7 16. f5 Bc4 17. b3 Bxe2 18. Qxe2 gxf5 19. gxf5 Kh8 20. Kh1 Ng8 21. Qh5 Qf7
22. Qh4 Ne7 23. Bf3 Ng8 24. Rg1 Rad8 25. Rg2 Qc7 26. Rag1 Rd7 27. c4 a6 28. d5
c5 29. a4 a5 30. Bd2 b6 31. Rg4 Rff7 32. Qg3 Qd8 33. Rh4 Qf8 34. Qg6 h6 35. Rhg4
Rfe7 36. Qh5 Ra7 37. Rg6 Ra8 38. R1g4 Rb8 39. Rh4 Kh7 40. Qg4 Ra8 41. Bxh6 1-0

[Event "Chigorin Memorial Open"]
[Site "St Petersburg RUS"]
[Date "2011.10.16"]
[Round "3.72"]
[White "Monin, Nikolay"]
[Black "Kostyuchenko, Vladimir"]
[Result "1-0"]
[WhiteTitle "IM"]
[WhiteElo "2365"]
[BlackElo "2107"]
[WhiteFideId "4104013"]
[BlackFideId "4126084"]
[EventDate "2011.10.14"]

1. d4 d5 2. Nf3 Nf6 3. Bf4 e6 4. e3 Bd6 5. Nbd2 Bxf4 6. exf4 O-O 7. c3 c5 8.
dxc5 Qc7 9. g3 Qxc5 10. Bd3 b6 11. Qe2 a5 12. Nb3 Qc7 13. Nbd4 Ba6 14. Nb5 Bxb5
15. Bxb5 a4 16. a3 Nbd7 17. O-O Nc5 18. Rfe1 Rfd8 19. Rad1 Nfe4 20. Qc2 Nd6 21.
Bf1 g6 22. Nd4 Rac8 23. h4 Nf5 24. Bb5 Ra8 25. Nxf5 gxf5 26. Rd4 Qa7 27. Bc6
Rac8 28. Bxa4 Ne4 29. Bb5 Qc7 30. Qe2 Qc5 31. Kg2 Nf6 32. Bd3 Kg7 33. Qe5 h5 34.
Rd1 Kg6 35. Rb4 Nd7 36. Qe2 Kh6 37. Qf3 Nf6 38. Be2 Rd6 39. Rdd4 Rcd8 40. Rb5
Qc7 41. Bd1 Qd7 42. Be2 Kg6 43. Rdb4 Qc7 44. Qe3 Nd7 45. a4 Ra8 46. Kg1 Qd8 47.
Bf3 Ra7 48. Kg2 Qc7 49. Qd4 Nb8 50. Qd1 Nc6 51. Rxb6 Nxb4 52. Rxb4 Rb7 53. Bxh5+
Kg7 54. Qd4+ f6 55. Rxb7 Qxb7 56. a5 Rd7 57. b4 Rc7 58. Be2 Qc8 59. b5 Rxc3 60.
b6 Rc2 61. Bd3 Ra2 62. Qb4 d4 63. Qe7+ Kg8 64. Qc7 Qe8 65. b7 Rb2 66. a6 1-0

[Event "Chigorin Memorial Open"]
[Site "St Petersburg RUS"]
[Date "2011.10.16"]
[Round "3.73"]
[White "Saveliev, Alexei"]
[Black "Vastrukhin, Oleg"]
[Result "0-1"]
[WhiteElo "2048"]
[BlackElo "2361"]
[WhiteFideId "24128546"]
[BlackFideId "4192770"]
[EventDate "2011.10.14"]

1. e4 g6 2. d4 Bg7 3. Nc3 c6 4. f4 d5 5. e5 h5 6. Nf3 Nh6 7. Be2 Bg4 8. O-O Bxf3
9. Bxf3 Nf5 10. Qd3 e6 11. Ne2 Nd7 12. c3 Qb6 13. b3 c5 14. Bd2 Rc8 15. g3 cxd4
16. Nxd4 Nc5 17. Qb5+ Qxb5 18. Nxb5 a6 19. Nd4 Bf8 20. Nxf5 gxf5 21. Be3 Ne4 22.
Bxe4 dxe4 23. c4 Ba3 24. Rad1 Ke7 25. Kg2 b5 26. cxb5 axb5 27. Rf2 Rc3 28. Bd4
Rc6 29. Be3 Rhc8 30. Re2 Rc2 31. Kf2 Bb4 32. Bd2 Bc5+ 33. Be3 Bxe3+ 34. Kxe3
R8c3+ 35. Kf2 h4 36. gxh4 Rf3+ 37. Ke1 Rxe2+ 38. Kxe2 Rxf4 39. h3 Rxh4 40. Rh1
f4 41. a4 bxa4 42. bxa4 Kd7 43. Rd1+ Ke7 44. Rd4 e3 45. a5 f3+ 0-1

[Event "Chigorin Memorial Open"]
[Site "St Petersburg RUS"]
[Date "2011.10.16"]
[Round "3.74"]
[White "Egorov, Dmitry"]
[Black "Emdin, Mark"]
[Result "1/2-1/2"]
[WhiteTitle "FM"]
[WhiteElo "2353"]
[BlackElo "2088"]
[WhiteFideId "4128303"]
[BlackFideId "4100050"]
[EventDate "2011.10.14"]

1. e4 e6 2. d4 d5 3. e5 c5 4. c3 Qb6 5. Nf3 Nc6 6. Bd3 cxd4 7. cxd4 Bd7 8. O-O
Nxd4 9. Nxd4 Qxd4 10. Nc3 a6 11. Qf3 Ne7 12. Bf4 Nc6 13. a3 Be7 14. Rfe1 g5 15.
Bg3 h5 16. h4 Qg4 17. Qxg4 hxg4 18. hxg5 Bxg5 19. Rad1 Be7 20. Na4 b5 21. Nb6
Rb8 22. Nxd7 Kxd7 23. Rc1 Bg5 24. Rc5 Rh6 25. a4 Rbh8 26. f4 Be7 27. Rcc1 Bd8
28. Kf2 Nd4 29. Rf1 Bb6 30. Ke1 Nb3 31. Rd1 Ba5+ 32. Ke2 Nd4+ 33. Ke3 Bb6 34.
Kd2 Rc8 35. axb5 axb5 36. Rh1 Nb3+ 37. Ke2 Rxh1 38. Rxh1 Nc1+ 39. Kd2 Ba5+ 40.
Ke3 Bb6+ 41. Kd2 Ba5+ 42. Ke3 1/2-1/2

[Event "Chigorin Memorial Open"]
[Site "St Petersburg RUS"]
[Date "2011.10.16"]
[Round "3.75"]
[White "Yuferev, Oleg"]
[Black "Tkachev, Ivan"]
[Result "0-1"]
[WhiteTitle "FM"]
[WhiteElo "2351"]
[BlackElo "2074"]
[WhiteFideId "4131720"]
[BlackFideId "4186885"]
[EventDate "2011.10.14"]

1. c4 e6 2. Nf3 d5 3. d4 Nf6 4. g3 c5 5. Bg2 Nc6 6. O-O cxd4 7. Nxd4 Bc5 8. Nxc6
bxc6 9. Qa4 Bd7 10. Qc2 Rc8 11. Nc3 Bb6 12. Bf4 Qe7 13. Qb3 O-O 14. Na4 Ba5 15.
Rfd1 e5 16. Bd2 Rb8 17. Qc2 Bxd2 18. Rxd2 d4 19. c5 Nd5 20. a3 Qg5 21. Rdd1 Be6
22. Qd2 Qg6 23. b4 Nf4 24. Nb2 Bh3 25. Bf3 Bg4 26. Bxg4 Qxg4 27. f3 Nh3+ 28. Kf1
Qh5 29. Kg2 Rbe8 30. Nc4 e4 31. Ra2 Ng5 32. f4 Nf3 33. exf3 exf3+ 34. Kf1 Re2
35. Qxe2 fxe2+ 36. Rxe2 Qf3+ 37. Ke1 d3 38. Re3 Qh1+ 39. Kd2 Qg2+ 40. Kxd3 Qd5+ 0-1

[Event "Chigorin Memorial Open"]
[Site "St Petersburg RUS"]
[Date "2011.10.16"]
[Round "3.77"]
[White "Shurunov, Andrei"]
[Black "Dimukhametov, Artur"]
[Result "0-1"]
[BlackTitle "FM"]
[WhiteElo "2037"]
[BlackElo "2337"]
[WhiteFideId "4113209"]
[BlackFideId "4195680"]
[EventDate "2011.10.14"]

1. d4 d5 2. c4 e6 3. Nc3 c5 4. cxd5 exd5 5. e3 Nf6 6. Nf3 Be7 7. dxc5 O-O 8. Be2
Nc6 9. O-O Bxc5 10. b3 a6 11. Bb2 Be6 12. Rc1 Ba7 13. Qc2 Rc8 14. Rfd1 Qe7 15.
Qb1 Rfd8 16. Rd2 Ng4 17. Nd1 Bb8 18. Qa1 f6 19. Nc3 d4 20. Nxd4 Bxh2+ 21. Kf1
Nxd4 22. Rxd4 Rxd4 23. exd4 Bf4 24. Rd1 Qf7 25. Bxg4 Bxg4 26. f3 Bd7 27. Kf2 Qg6
28. a4 Qg3+ 29. Kf1 Bh3 30. gxh3 Qxf3+ 31. Kg1 Be3+ 32. Kh2 Qf2+ 33. Kh1 Bf4 0-1

[Event "Chigorin Memorial Open"]
[Site "St Petersburg RUS"]
[Date "2011.10.16"]
[Round "3.78"]
[White "Trapeznikova, Darya"]
[Black "Frolochkin, Vladimir"]
[Result "0-1"]
[WhiteElo "2024"]
[BlackElo "2331"]
[WhiteFideId "24121118"]
[BlackFideId "4181050"]
[EventDate "2011.10.14"]

1. Nf3 d5 2. d4 Nf6 3. c4 e6 4. Nc3 Bb4 5. Qb3 c5 6. a3 Bxc3+ 7. bxc3 O-O 8. Bg5
Nbd7 9. e3 Qa5 10. Bxf6 Nxf6 11. Bd3 dxc4 12. Bxc4 cxd4 13. exd4 Bd7 14. O-O
Rac8 15. Rfc1 Ne4 16. Ne5 Nd2 17. Qa2 Nxc4 18. Nxc4 Qa6 19. Ne5 Rfd8 20. a4 Be8
21. Qb3 Rd6 22. a5 Rd5 23. Qb4 Rc7 24. Rd1 Qd6 25. Qb2 Bb5 26. h3 f6 27. Nf3 Qf4
28. Re1 Kf7 29. Re3 Rf5 30. Rae1 Bc4 31. Qa3 Bd5 32. g4 Bxf3 33. Rxe6 Rg5 34.
Re7+ Kg6 35. R1e3 Rxg4+ 36. Kf1 Rg1+ 37. Kxg1 Qg5+ 38. Kf1 Qg2+ 0-1

[Event "Chigorin Memorial Open"]
[Site "St Petersburg RUS"]
[Date "2011.10.16"]
[Round "3.79"]
[White "Kharchenko, Daniil"]
[Black "Tappyrov, Vladimir"]
[Result "1-0"]
[BlackTitle "FM"]
[WhiteElo "2016"]
[BlackElo "2330"]
[WhiteFideId "24101664"]
[BlackFideId "4157184"]
[EventDate "2011.10.14"]

1. e4 d5 2. exd5 Qxd5 3. Nc3 Qa5 4. d4 Nf6 5. Nf3 c6 6. Bc4 Bf5 7. O-O e6 8. Ne5
Nbd7 9. Bf4 Nxe5 10. Bxe5 Be7 11. Qe2 O-O 12. h3 b5 13. Bd3 Bxd3 14. Qxd3 Rfd8
15. Qg3 Ne8 16. Rfd1 Rd7 17. Rd3 Rad8 18. Qf3 b4 19. Ne2 Qa4 20. b3 Qa6 21. c4
f6 22. Bg3 e5 23. Rad1 Qxa2 24. R1d2 Qa6 25. dxe5 Rxd3 26. Rxd3 Rxd3 27. Qxd3
Qc8 28. Kh2 fxe5 29. Bxe5 Qe6 30. Qe3 Qxe5+ 31. Qxe5 Bd6 32. Qg3 Bxg3+ 33. Kxg3
Kf7 34. Nd4 c5 35. Nc6 Nd6 36. Kf4 a6 37. Ne5+ Ke6 38. Nd3 Nb7 39. Ke4 Kd6 40.
f4 Na5 41. Nc1 Nc6 42. Ne2 a5 43. Kd3 Ke6 44. Ke4 Ne7 45. g4 Nc6 46. Kd3 Kd6 47.
Ke4 h6 48. h4 Ke6 49. h5 Ne7 50. Ng3 Nc6 51. Nf5 Kf6 52. Kd5 Nd8 53. Kxc5 Ne6+
54. Kb5 Nxf4 55. Kxa5 Nd3 56. Kb5 Kg5 57. Nxg7 Ne5 58. c5 Kf6 59. Nf5 Nxg4 60.
Ng3 Ke5 61. Kxb4 Kd5 62. Nf5 Kc6 63. Kc4 Ne5+ 64. Kd4 Nf3+ 65. Ke3 Ne5 66. b4
Kb5 67. Kf4 Nd3+ 68. Kg4 Nxb4 69. Nxh6 Kxc5 70. Nf7 1-0

[Event "Chigorin Memorial Open"]
[Site "St Petersburg RUS"]
[Date "2011.10.16"]
[Round "3.81"]
[White "Lisitsin, Boris"]
[Black "Gubernatorov, Sergey"]
[Result "0-1"]
[BlackTitle "FM"]
[WhiteElo "1977"]
[BlackElo "2311"]
[WhiteFideId "4139313"]
[BlackFideId "4148215"]
[EventDate "2011.10.14"]

1. Nc3 c5 2. d4 cxd4 3. Qxd4 Nc6 4. Qh4 Nf6 5. Bg5 e6 6. e4 Be7 7. Nf3 Qa5 8.
Be2 d6 9. O-O O-O 10. Rad1 a6 11. a3 b5 12. e5 dxe5 13. Bd3 h6 14. Bxf6 Bxf6 15.
Qe4 g6 16. Qxc6 Rb8 17. Qe4 b4 18. axb4 Rxb4 19. Qe3 Rxb2 20. Ne4 Bg7 21. Ra1
Qc7 22. Nfd2 f5 23. Nc4 fxe4 24. Nxb2 exd3 25. Qxd3 e4 26. Qb3 Bd7 27. Rfb1 Bd4
28. Nd1 Qf4 29. Qg3 Qxg3 30. hxg3 Bxa1 31. Rxa1 Ra8 32. Ra5 Kf7 33. Ne3 Ke7 34.
Kf1 Kd6 35. Ke2 Kc7 36. Kd2 Bb5 37. c4 Kb6 38. Ra2 Bc6 39. Kc3 a5 40. Kd4 Rd8+
41. Ke5 a4 42. Kxe6 Kc5 43. Kf6 Be8 44. Ke5 Kb4 45. Rc2 a3 46. c5 Ba4 47. Rc1 a2
48. Nd5+ Kb3 49. Nc3 Bc6 50. Kf6 Rf8+ 51. Ke6 Rxf2 52. Kd6 Rf6+ 53. Kc7 Kb2 0-1